Múzeum Petra Jilemnického, Jur pri Bratislave

Bibliographic Details
Main Author: Kaľavský, Michal (Author)
Format: Article
Language:Slovak
PhysicalDescription:Obr. 2.
Subjects:

MARC

LEADER 00000nab a2200000 a 4500
001 vtls000282655
003 SK-MaSNL
005 20260304015300.0
008 160215c1987 xo 0 slo
015 |a SNBRB19rr/mm-uuuuu 
035 |a CL0292773 
040 |a SNKBUCL  |b slo  |c SNKBUCL  |e AACR2 
041 0 |a slo 
044 |a xo  |c SK 
080 |a 069.6.02:82  |2 1981 
080 |a 82  |2 1981 
080 |a 069.6.02  |2 1981 
100 1 |a Kaľavský, Michal  |4 aut  |9 278228 
245 1 0 |a Múzeum Petra Jilemnického, Jur pri Bratislave  |c Michal Kaľavský 
300 |b Obr. 2. 
610 2 7 |a Múzeum Petra Jilemnického (Svätý Jur, Slovensko)  |2 snkbucl  |9 176966 
651 7 |a 5100  |2 snkbucl  |9 166206 
655 7 |a články z novín a časopisov  |2 snkbucl  |9 267496 
655 7 |a články z odboru literárna veda a krásna literatúra  |2 snkbucl  |9 770045 
773 0 |t Osvetová práca  |g Roč. 37, č. 10 (1987), s. 30-31 
850 |a Slovenská národná knižnica v Martine  |a MTA001 
852 |a SNK  |b KIS3GCP 
958 |a BX 
958 |a RK 
958 |a LX 
992 |a RBX 
999 |c 2590539  |d 2592469